[Event "78th ch-ESP 2013"]
[Site "Linares ESP"]
[Date "2013.09.01"]
[Round "4.9"]
[White "Nicolas Zapata, Irene"]
[Black "Larino Nieto, David"]
[Result "1-0"]
[WhiteElo "2253"]
[BlackElo "2491"]
[PlyCount "135"]
[EventDate "2013.08.29"]

1. d4 d5 2. c4 e6 3. Nc3 c5 4. cxd5 exd5 5. Nf3 Nc6 6. dxc5 d4 7. Na4 Bxc5 8.
Nxc5 Qa5+ 9. Bd2 Qxc5 10. Rc1 Qd5 11. e3 Bg4 12. Bc4 Qf5 13. exd4 Nge7 14. Be3
Bxf3 15. Qxf3 Qxf3 16. gxf3 Rd8 17. Rd1 Nd5 18. O-O O-O 19. Rc1 Rfe8 20. Bxd5
Rxd5 21. Rc5 Rd7 22. Rfc1 Red8 23. Kf1 f6 24. R1c4 Ne7 25. Rc7 Nd5 26. Rxd7
Rxd7 27. Ke2 Kf7 28. Kd3 Ke6 29. Rc8 Ne7 30. Rc5 b6 31. Rc4 Kd5 32. b4 Nc6 33.
b5 Nd8 34. Bf4 Ne6 35. Bg3 g5 36. a4 h5 37. h3 Rd8 38. Rc6 h4 39. Bh2 Rd7 40.
Rc4 Rd8 41. Rc6 Nxd4 42. Rxf6 Nb3 43. Kc3 Na5 44. Rf5+ Ke6 45. Rxg5 Rc8+ 46.
Kd3 Rd8+ 47. Kc3 Rf8 48. Re5+ Kd7 49. Rd5+ Kc8 50. f4 Nb7 51. f5 Rf7 52. Kd4
Nc5 53. Ke5 Re7+ 54. Kf6 Re2 55. Kf7 Ne4 56. f6 Rxf2 57. Be5 Nxf6 58. Bxf6 Rf3
59. Ke7 a6 60. bxa6 Kb8 61. Rd7 Rxh3 62. Bd4 Rh1 63. a5 Re1+ 64. Kd6 Rd1 65.
Kc6 Rc1+ 66. Kd5 h3 67. axb6 h2 68. Rd8+ 1-0

[Event "78th ch-ESP 2013"]
[Site "Linares ESP"]
[Date "2013.09.01"]
[Round "4.11"]
[White "Gonzalez De La Torre, Santiago"]
[Black "Aranaz Murillo, Amalia"]
[Result "1-0"]
[WhiteElo "2472"]
[BlackElo "2246"]
[PlyCount "43"]
[EventDate "2013.08.29"]

1. e4 e6 2. d4 d5 3. Nc3 Nf6 4. e5 Nfd7 5. f4 c5 6. Nf3 Nc6 7. Be3 Be7 8. Be2
O-O 9. O-O b6 10. Qe1 f5 11. exf6 Nxf6 12. Kh1 Ng4 13. Bg1 Rxf4 14. Qg3 Bd6 15.
dxc5 bxc5 16. Bxc5 Ne7 17. Bxd6 Qxd6 18. Bd3 e5 19. Ne2 Rf6 20. Ng5 e4 21. Nxe4
dxe4 22. Bc4+ 1-0

[Event "78th ch-ESP 2013"]
[Site "Linares ESP"]
[Date "2013.09.01"]
[Round "4.12"]
[White "Rioboo De Larriva, Alvaro"]
[Black "Recuero Guerra, David"]
[Result "1-0"]
[WhiteElo "2247"]
[BlackElo "2454"]
[PlyCount "140"]
[EventDate "2013.08.29"]

1. e4 c5 2. c3 d5 3. d3 Nc6 4. Nd2 g6 5. Ngf3 Bg7 6. Be2 e6 7. O-O Nge7 8. Re1
O-O 9. Bf1 Qc7 10. Nb3 b6 11. Bg5 h6 12. Bxe7 Nxe7 13. e5 a5 14. Nbd2 Ba6 15.
Qa4 Nc6 16. d4 Bxf1 17. Nxf1 Qd7 18. Qd1 a4 19. h4 a3 20. b4 cxb4 21. cxb4 Nxb4
22. Rb1 Nc6 23. h5 g5 24. Rxb6 Rfb8 25. Rxb8+ Rxb8 26. Ne3 Rb4 27. Ng4 Qe7 28.
Qd2 Rb2 29. Qc3 Rb6 30. Rc1 Ra6 31. Rb1 Qd7 32. Rb3 Qa7 33. Qe3 Ra4 34. Qc1 Rc4
35. Qxa3 Qxa3 36. Rxa3 Nxd4 37. Ra8+ Kh7 38. Nxd4 Rxd4 39. f3 Rd1+ 40. Kf2 Rh1
41. Ra7 Kg8 42. a4 Ra1 43. Ra8+ Kh7 44. Nf6+ Bxf6 45. exf6 d4 46. Ke2 Ra3 47.
Rf8 Rxa4 48. Rxf7+ Kg8 49. Rg7+ Kf8 50. Kd3 Ra2 51. g4 Ra3+ 52. Kxd4 Rxf3 53.
Ke5 Re3+ 54. Kd6 Re4 55. Rh7 Kg8 56. Rg7+ Kf8 57. Ra7 Ke8 58. Re7+ Kf8 59. Ra7
Ke8 60. Rb7 Kf8 61. Rc7 Ke8 62. Re7+ Kf8 63. Rxe6 Rxg4 64. Ke5 Rh4 65. Ra6 Rf4
66. Ke6 Re4+ 67. Kf5 Re8 68. Kg6 g4 69. Ra7 g3 70. Rh7 Ra8 1-0

[Event "78th ch-ESP 2013"]
[Site "Linares ESP"]
[Date "2013.09.01"]
[Round "4.13"]
[White "Espinosa Aranda, Angel"]
[Black "Gavilan Diaz, Mario"]
[Result "1-0"]
[WhiteElo "2392"]
[BlackElo "2225"]
[PlyCount "44"]
[EventDate "2013.08.29"]

1. e4 c5 2. Ne2 a6 3. Nbc3 d6 4. g3 b5 5. Bg2 Bb7 6. O-O g6 7. d4 cxd4 8. Nxd4
Nf6 9. Bg5 Nbd7 10. Re1 Rb8 11. e5 dxe5 12. Nc6 Bxc6 13. Bxc6 Bg7 14. Bxf6 Bxf6
15. Qf3 Qc7 16. Rad1 Rd8 17. Rxd7 Rxd7 18. Rd1 O-O 19. Rxd7 Qa5 20. Nd5 Qxa2
21. Nxf6+ exf6 22. Qxf6 Ra8 1-0

[Event "78th ch-ESP 2013"]
[Site "Linares ESP"]
[Date "2013.09.01"]
[Round "4.14"]
[White "Quintin Navarro, Alberto"]
[Black "Astasio Lopez, David"]
[Result "0-1"]
[WhiteElo "2241"]
[BlackElo "2392"]
[PlyCount "110"]
[EventDate "2013.08.29"]

1. d4 d5 2. c4 e6 3. g3 Nf6 4. Bg2 dxc4 5. Nf3 Nc6 6. Qa4 Bb4+ 7. Bd2 Nd5 8.
Bxb4 Ndxb4 9. Nc3 Bd7 10. Ne5 a6 11. Nxc6 Bxc6 12. Qxb4 Bxg2 13. Rg1 Bc6 14.
O-O-O b5 15. e4 Qe7 16. Qa5 O-O 17. d5 exd5 18. exd5 Bb7 19. Rge1 Qd6 20. Ne4
Qh6+ 21. f4 Rad8 22. Qxc7 Bxd5 23. Ng5 Qc6 24. Qe7 c3 25. Re5 Rde8 26. Qb4 Rxe5
27. fxe5 h6 28. Qd6 Bg2 29. Qxc6 Bxc6 30. Nh3 cxb2+ 31. Kxb2 Re8 32. Rd6 Bb7
33. Rb6 Bc8 34. Nf4 Rxe5 35. Rb8 Rc5 36. Nd3 Rc4 37. Ne5 Rc7 38. Nd7 Rxd7 39.
Rxc8+ Kh7 40. Kc3 Rd6 41. Ra8 Kg6 42. Kb4 Rd4+ 43. Kb3 Ra4 44. Rg8 Kf6 45. Rc8
Kg5 46. Rc7 Kg6 47. Rc6+ f6 48. Rc7 h5 49. Ra7 Kh6 50. Rf7 h4 51. gxh4 Rxh4 52.
Ra7 Ra4 53. Rf7 Kg6 54. Ra7 f5 55. h4 Kh5 0-1

[Event "78th ch-ESP 2013"]
[Site "Linares ESP"]
[Date "2013.09.01"]
[Round "4.15"]
[White "Matnadze, Ana"]
[Black "Hernandez Estevez, Yudania"]
[Result "1-0"]
[WhiteElo "2390"]
[BlackElo "2230"]
[PlyCount "151"]
[EventDate "2013.08.29"]

1. d4 d5 2. g3 Nf6 3. Bg2 g6 4. Nf3 Bg7 5. O-O O-O 6. b3 c5 7. e3 Nc6 8. Bb2
Ne4 9. Ne5 cxd4 10. exd4 Qc7 11. Nxc6 bxc6 12. Nd2 Nxd2 13. Qxd2 a5 14. a4 Be6
15. Ba3 Rfe8 16. Rfe1 Bf5 17. f4 f6 18. c4 dxc4 19. bxc4 e5 20. dxe5 fxe5 21.
Bd6 Qd7 22. Rad1 e4 23. c5 Qf7 24. h3 h5 25. Qe2 Bc3 26. Rf1 Qe6 27. Kh2 Ra7
28. Rc1 Bf6 29. Rb1 Rd7 30. Rfd1 g5 31. fxg5 Bxg5 32. Qxh5 Be3 33. Rf1 Rf7 34.
Qe2 Bd4 35. Rbd1 Bf6 36. Bf4 Be7 37. Qe3 Rh7 38. h4 Qg6 39. Bd6 Bd8 40. Kg1 Bg4
41. Rd4 Bf3 42. Bxf3 exf3 43. Qxf3 Rxh4 44. Qb3+ Kg7 45. Rxh4 Bxh4 46. Qb7+ Kg8
47. Qb3+ Kg7 48. Qb7+ Kg8 49. Qxc6 Bxg3 50. Qd5+ Kg7 51. Bxg3 Qxg3+ 52. Qg2
Qxg2+ 53. Kxg2 Rc8 54. Rf5 Kg6 55. Rd5 Kf6 56. Kf3 Rb8 57. Ke4 Ke7 58. Rd6 Rb4+
59. Rd4 Rb1 60. c6 Rc1 61. Kd5 Kd8 62. Kd6 Kc8 63. Rd5 Rh1 64. Rxa5 Rd1+ 65.
Rd5 Ra1 66. a5 Ra2 67. Rh5 Rd2+ 68. Kc5 Rc2+ 69. Kb6 Rb2+ 70. Rb5 Ra2 71. a6
Kb8 72. c7+ Kc8 73. a7 Ra1 74. Ra5 Rb1+ 75. Kc5 Ra1 76. Rxa1 1-0

[Event "78th ch-ESP 2013"]
[Site "Linares ESP"]
[Date "2013.09.01"]
[Round "4.16"]
[White "Martinez Lopez, David"]
[Black "Alvarez Fernandez, Enrique"]
[Result "1-0"]
[WhiteElo "2238"]
[BlackElo "2385"]
[PlyCount "181"]
[EventDate "2013.08.29"]

1. e4 c5 2. Nf3 d6 3. d4 cxd4 4. Nxd4 Nf6 5. Nc3 a6 6. Bc4 e6 7. O-O Be7 8. Bb3
O-O 9. Qf3 Nbd7 10. Qg3 Nc5 11. Bh6 Ne8 12. Be3 Qc7 13. Rfd1 b5 14. f3 Bb7 15.
a4 b4 16. Na2 Nxb3 17. cxb3 d5 18. e5 Qd7 19. Nc1 g6 20. Nd3 Ng7 21. Bg5 a5 22.
Bxe7 Qxe7 23. Nf2 Nh5 24. Qg4 f5 25. exf6 Rxf6 26. Qg5 Re8 27. Ng4 Rff8 28. Qe5
Nf6 29. Nh6+ Kg7 30. Rac1 Kxh6 31. Rc7 Nd7 32. Qe3+ Qg5 33. Qxg5+ Kxg5 34. Rxd7
Ba8 35. Rxh7 e5 36. Nb5 Kf6 37. Nc7 Rc8 38. Nxa8 Rxa8 39. Rxd5 Rfd8 40. Rxd8
Rxd8 41. Ra7 Rd1+ 42. Kf2 Rd2+ 43. Kg3 Rxb2 44. Ra6+ Kf5 45. Rxa5 Rxb3 46. Rb5
Rb2 47. a5 Ra2 48. h4 Ra3 49. Rxb4 Rxa5 50. Kh3 Ra6 51. g4+ Ke6 52. Kg3 Kf6 53.
Rb7 Ra3 54. g5+ Ke6 55. Rg7 e4 56. Rxg6+ Ke5 57. Rf6 e3 58. Rf4 Rb3 59. g6 Rb1
60. Re4+ Kf5 61. Rxe3 Rg1+ 62. Kf2 Rxg6 63. Ra3 Rh6 64. Ra4 Rh8 65. Kg3 Rg8+
66. Rg4 Ra8 67. Rg5+ Kf6 68. Rb5 Ra4 69. Rc5 Rb4 70. h5 Ra4 71. Rb5 Rc4 72. h6
Kg6 73. Rb6+ Kh7 74. f4 Rc1 75. Kg4 Rc5 76. Re6 Rc1 77. Kg5 Rg1+ 78. Kf5 Ra1
79. Kf6 Kxh6 80. f5 Kh7 81. Kf7 Ra5 82. f6 Ra8 83. Re3 Ra7+ 84. Re7 Ra8 85. Rd7
Ra1 86. Rc7 Ra2 87. Rd7 Rb2 88. Ra7 Kh8 89. Ra3 Rb7+ 90. Kg6 Rb8 91. Rh3+ 1-0

[Event "78th ch-ESP 2013"]
[Site "Linares ESP"]
[Date "2013.09.01"]
[Round "4.17"]
[White "Sos Andreu, Eric"]
[Black "Navarro Lopez-Menchero, Daniel"]
[Result "0-1"]
[WhiteElo "2229"]
[BlackElo "2318"]
[PlyCount "182"]
[EventDate "2013.08.29"]

1. d4 d5 2. c4 dxc4 3. Nf3 Nf6 4. e3 Bg4 5. Bxc4 e6 6. Nc3 Nbd7 7. h3 Bh5 8.
O-O Bb4 9. a3 Bxc3 10. bxc3 O-O 11. Re1 Ne4 12. Bb2 c5 13. Be2 Qc7 14. Qc2 Ndf6
15. Bd3 Nd6 16. Ne5 Rac8 17. g4 Bg6 18. Nxg6 fxg6 19. Qe2 c4 20. Bc2 Nfe4 21.
f4 Qc6 22. Qg2 b5 23. a4 a6 24. Ra2 Qd5 25. axb5 axb5 26. Ra6 Ra8 27. Rea1 Rxa6
28. Rxa6 Ra8 29. Ra3 Kf7 30. Kh2 Qb7 31. Rxa8 Qxa8 32. Qh1 h5 33. Qa1 Qxa1 34.
Bxa1 hxg4 35. hxg4 g5 36. Kg2 gxf4 37. exf4 Nf6 38. Kf3 Nd5 39. Bb2 Nc8 40. Ke4
Ncb6 41. Ke5 Ne3 42. Be4 Nd1 43. Ba1 Na4 44. d5 exd5 45. Bxd5+ Ke7 46. Kd4 Kd6
47. Bf7 Nc5 48. Bxc4 bxc4 49. Kxc4 Ne3+ 50. Kb5 Nxg4 51. c4 g6 52. Bb2 Nd3 53.
Ba3+ Kc7 54. c5 Nxf4 55. Bb4 Nd5 56. Ba5+ Kd7 57. Kc4 Kc6 58. Kd4 Ngf6 59. Bd2
Nd7 60. Bh6 Ne7 61. Bc1 Nd5 62. Bh6 Nc7 63. Ke4 Kxc5 64. Bg5 Ne6 65. Be7+ Kc4
66. Bh4 Kc3 67. Ke3 Kc2 68. Be7 Kd1 69. Bh4 Ndc5 70. Kf3 Kd2 71. Bf2 Kd3 72.
Kg4 Nd7 73. Bh4 Ke4 74. Be7 Ne5+ 75. Kg3 Kf5 76. Bh4 Ng5 77. Kg2 Ne4 78. Kh3
Nf3 79. Bd8 Nf6 80. Kg3 Ne5 81. Bb6 g5 82. Be3 g4 83. Bc1 Nh5+ 84. Kh2 g3+ 85.
Kg2 Kg4 86. Be3 Nf4+ 87. Kf1 Kf3 88. Ba7 g2+ 89. Kg1 Ne2+ 90. Kh2 Ng4+ 91. Kh3
Nf2+ 0-1

[Event "78th ch-ESP 2013"]
[Site "Linares ESP"]
[Date "2013.09.01"]
[Round "4.18"]
[White "Ruiz Sanchez, Miguel Angel"]
[Black "Torres Ventosa, Pedro Eugenio"]
[Result "0-1"]
[WhiteElo "2221"]
[BlackElo "2317"]
[PlyCount "38"]
[EventDate "2013.08.29"]

1. d4 d6 2. Bf4 g6 3. e3 Bg7 4. Nf3 Nd7 5. Be2 Ngf6 6. h3 O-O 7. O-O Re8 8. c3
a6 9. a4 b6 10. Bh2 Bb7 11. Qb3 Rb8 12. Rd1 e6 13. Nbd2 Qe7 14. Qa3 Rbc8 15.
Rac1 e5 16. b4 h6 17. Qb3 Nh7 18. Bc4 Rf8 19. Re1 e4 0-1

[Event "78th ch-ESP 2013"]
[Site "Linares ESP"]
[Date "2013.09.01"]
[Round "4.20"]
[White "Zamarbide Inarrea, Daniel"]
[Black "Alvarado Diaz, Alejandro"]
[Result "0-1"]
[WhiteElo "2213"]
[BlackElo "2313"]
[PlyCount "58"]
[EventDate "2013.08.29"]

1. f4 d5 2. b3 Nf6 3. Bb2 c6 4. e3 a5 5. a4 Bf5 6. Nf3 e6 7. Be2 Na6 8. O-O Bc5
9. Nd4 h5 10. Bxa6 Rxa6 11. d3 h4 12. Nd2 h3 13. g3 Bg4 14. Qe1 Nd7 15. N2f3
Rh5 16. Ne5 Nxe5 17. fxe5 Rxe5 18. Qf2 Qf6 19. Qxf6 gxf6 20. Rae1 Bb4 21. c3
Be7 22. Rf4 Rg5 23. Nf3 Rg8 24. d4 Bd6 25. Kf2 Bxf4 26. exf4 Bxf3 27. Kxf3 Rb6
28. g4 Rxb3 29. Re2 b6 0-1

[Event "78th ch-ESP 2013"]
[Site "Linares ESP"]
[Date "2013.09.01"]
[Round "4.22"]
[White "Ruiz Sanchez, Andres"]
[Black "Shen, Yue"]
[Result "1/2-1/2"]
[WhiteElo "2191"]
[BlackElo "2283"]
[PlyCount "208"]
[EventDate "2013.08.29"]

1. d4 Nf6 2. Bf4 c5 3. e3 Qb6 4. Nc3 cxd4 5. exd4 d6 6. Nf3 g6 7. Be2 Bg7 8.
O-O O-O 9. Re1 Re8 10. Rb1 Bg4 11. h3 Bxf3 12. Bxf3 Nc6 13. Be3 Qa5 14. a3 Rac8
15. b4 Qc7 16. Nb5 Qd7 17. c4 d5 18. c5 a6 19. Nc3 e5 20. Na4 Qf5 21. Nb6 Rcd8
22. dxe5 Nxe5 23. Bd4 Ne4 24. Bxe5 Bxe5 25. Bxe4 dxe4 26. Qg4 Rd3 27. Qxf5 gxf5
28. Nc4 Bc7 29. Red1 Red8 30. Rxd3 Rxd3 31. a4 Kg7 32. b5 axb5 33. axb5 Rc3 34.
b6 Rxc4 35. bxc7 Rxc5 36. Rxb7 Rc1+ 37. Kh2 Rc3 38. g3 Rc2 39. Kg1 h5 40. h4
Kg6 41. Kf1 f4 42. gxf4 f6 43. Ke1 Kf5 44. Rb5+ Kg4 45. Rb7 Kxf4 46. Kd1 Rc5
47. Rb5 Rxc7 48. Rxh5 f5 49. Ke2 Ra7 50. Kf1 Rg7 51. Ke2 Rg8 52. Rh7 Rg2 53.
Re7 Rh2 54. Re8 Rxh4 55. Rf8 Rh2 56. Kf1 Kg4 57. Rg8+ Kf3 58. Rg3+ Kf4 59. Ra3
Rh1+ 60. Ke2 Rb1 61. Rc3 Rb2+ 62. Kf1 Rd2 63. Ra3 Rd3 64. Ra5 Rb3 65. Kg2 Kg4
66. Re5 Rb4 67. Re8 Kf4 68. Ra8 Rb7 69. Ra3 Rb5 70. Rc3 Ke5 71. Rc8 Kd4 72.
Rd8+ Rd5 73. Ra8 f4 74. Ra4+ Ke5 75. Ra8 f3+ 76. Kg3 Rd7 77. Ra5+ Rd5 78. Ra8
Rd7 79. Ra5+ Kd4 80. Ra1 Rg7+ 81. Kf4 Rf7+ 82. Kg3 Rg7+ 83. Kf4 Rf7+ 84. Kg3
Kd3 85. Ra3+ Kd2 86. Ra2+ Kc3 87. Ra3+ Kc4 88. Ra4+ Kd5 89. Ra5+ Ke6 90. Ra6+
Kf5 91. Ra5+ Kg6 92. Re5 e3 93. Rxe3 Rf6 94. Kg4 Rf7 95. Re6+ Rf6 96. Re5 Rf7
97. Rg5+ Kh6 98. Rf5 Rxf5 99. Kxf5 Kg7 100. Kg4 Kg6 101. Kxf3 Kf5 102. Kg3 Kg5
103. f4+ Kf6 104. Kg4 Kg6 1/2-1/2

[Event "78th ch-ESP 2013"]
[Site "Linares ESP"]
[Date "2013.09.01"]
[Round "4.23"]
[White "Villasenor Rubio, Emilio Jose"]
[Black "Lorente Penalva, Diego"]
[Result "1-0"]
[WhiteElo "2260"]
[BlackElo "2178"]
[PlyCount "71"]
[EventDate "2013.08.29"]

1. e4 d6 2. c4 Nf6 3. Nc3 e5 4. g3 Bg4 5. Be2 Bxe2 6. Ngxe2 Nbd7 7. O-O c6 8.
d4 Be7 9. f3 O-O 10. Be3 Nb6 11. b3 exd4 12. Nxd4 d5 13. cxd5 cxd5 14. e5 Nfd7
15. f4 Rc8 16. Rc1 Bb4 17. Nce2 Qe7 18. Nf5 Qe6 19. Ned4 Qg6 20. Bd2 Ba3 21.
Qf3 Kh8 22. Rxc8 Rxc8 23. Kh1 Nf8 24. Re1 h6 25. Nh4 Qh7 26. f5 Bc5 27. Bc3 Re8
28. a4 a5 29. e6 fxe6 30. fxe6 Qg8 31. Qf5 Qh7 32. e7 Qxf5 33. Ndxf5 Bxe7 34.
Rxe7 Rxe7 35. Nxe7 Ne6 36. Bxa5 1-0

[Event "78th ch-ESP 2013"]
[Site "Linares ESP"]
[Date "2013.09.01"]
[Round "4.25"]
[White "Leon Acosta, Miguel"]
[Black "Barrenechea Bahamonde, Gustavo"]
[Result "0-1"]
[WhiteElo "2005"]
[BlackElo "2183"]
[PlyCount "85"]
[EventDate "2013.08.29"]

1. g3 g6 2. Bg2 Bg7 3. Nf3 c5 4. O-O Nc6 5. e4 d6 6. h3 e5 7. c3 Nge7 8. Na3
O-O 9. Nc2 d5 10. d3 h6 11. b4 cxb4 12. cxb4 Be6 13. Bb2 Qb6 14. a4 Rfd8 15.
Qe2 dxe4 16. dxe4 Nd4 17. Ncxd4 exd4 18. a5 Qxb4 19. Ba3 d3 20. Qd1 Qb3 21.
Bxe7 Rd7 22. Qxb3 Bxb3 23. Bb4 Bxa1 24. Rxa1 Rc8 25. Nd2 Be6 26. Ra3 Rc1+ 27.
Kh2 Rc2 28. Rc3 Rxc3 29. Bxc3 Rc7 30. Bd4 Rc2 31. Be3 Bd7 32. Nf1 Bb5 33. e5
Bc6 34. Bxc6 bxc6 35. Bxa7 c5 36. a6 c4 37. Be3 Ra2 38. Nd2 c3 39. Ne4 c2 40.
a7 Rxa7 41. Nf6+ Kh8 42. Nd5 Rd7 43. Bd4 0-1

[Event "78th ch-ESP 2013"]
[Site "Linares ESP"]
[Date "2013.09.01"]
[Round "4.26"]
[White "Galvez Extremera, Francisco"]
[Black "Mercado Larrea, Adrian"]
[Result "1/2-1/2"]
[WhiteElo "2180"]
[BlackElo "1936"]
[PlyCount "65"]
[EventDate "2013.08.29"]

1. d4 d5 2. Nf3 Nf6 3. Bg5 Ne4 4. Bf4 c5 5. e3 Nc6 6. c3 Qb6 7. Qc1 h6 8. Nbd2
Bf5 9. Be2 e6 10. O-O Be7 11. Nxe4 Bxe4 12. Nd2 Bh7 13. Nb3 O-O 14. dxc5 Bxc5
15. Nxc5 Qxc5 16. Rd1 Rfd8 17. g4 Rac8 18. Bf3 a5 19. h4 f6 20. Qd2 g5 21. hxg5
hxg5 22. Bg3 Kg7 23. Kg2 b5 24. a3 a4 25. Rh1 Na5 26. Bd1 Be4+ 27. f3 Nc4 28.
Qd4 Nxe3+ 29. Kf2 Qxd4 30. cxd4 Nxd1+ 31. Rhxd1 Rc2+ 32. Ke3 Bg6 33. Rd2
1/2-1/2

[Event "78th ch-ESP 2013"]
[Site "Linares ESP"]
[Date "2013.09.01"]
[Round "4.27"]
[White "Romero Berruezo, Francisco"]
[Black "Sarto Ramos, Angel"]
[Result "1-0"]
[WhiteElo "2154"]
[BlackElo "2002"]
[PlyCount "163"]
[EventDate "2013.08.29"]

1. e4 e6 2. d4 d5 3. Nd2 dxe4 4. Nxe4 Nd7 5. Nf3 Ngf6 6. Nxf6+ Nxf6 7. c3 b6 8.
Ne5 Bb7 9. Bb5+ c6 10. Qf3 Qd5 11. Qxd5 Nxd5 12. Be2 f6 13. Nd3 Bd6 14. Bd2 O-O
15. c4 Nc7 16. Bf3 e5 17. dxe5 fxe5 18. O-O-O Ne6 19. Rhe1 Nd4 20. Be4 a5 21.
Bc3 g5 22. f3 Rad8 23. Nf2 h5 24. Bg6 h4 25. Be4 Bc8 26. h3 Kg7 27. Bd2 Kf6 28.
Bd3 Bf5 29. Bxf5 Kxf5 30. Ne4 Be7 31. Be3 Rd7 32. Kb1 Rfd8 33. c5 bxc5 34. Rc1
Rd5 35. Nc3 R5d7 36. Na4 Ne6 37. Nb6 Rd3 38. Nc4 Nf4 39. Bxf4 gxf4 40. Rxe5+
Kf6 41. Rce1 Rd1+ 42. Kc2 Rxe1 43. Rxe1 Rg8 44. Re2 a4 45. a3 Rd8 46. Re4 Rd4
47. Rxd4 cxd4 48. Kd3 c5 49. Nb6 Ke6 50. Nxa4 Kd5 51. Nb6+ Kc6 52. Nc4 Kd5 53.
b3 Bd8 54. a4 Bc7 55. Nd2 Ba5 56. Ne4 Bb4 57. Nf6+ Ke5 58. Nd7+ Kd5 59. Nf8 Be1
60. Ng6 Bg3 61. a5 Kc6 62. Kc4 Be1 63. a6 Bg3 64. Ne5+ Kb6 65. Nd7+ Kxa6 66.
Nxc5+ Kb6 67. Nd3 Bh2 68. b4 Bg1 69. Nxf4 Bf2 70. Nd3 Be3 71. b5 Bg1 72. f4 Be3
73. f5 Bg5 74. Nb4 Ka5 75. Nc6+ Kb6 76. Nxd4 Be7 77. Ne6 Bf6 78. Nf4 Bg5 79.
Nd5+ Kb7 80. Kc5 Bh6 81. Kd6 Bf8+ 82. Kd7 1-0

[Event "78th ch-ESP 2013"]
[Site "Linares ESP"]
[Date "2013.09.01"]
[Round "4.28"]
[White "Lerma Moreno, Juan Manuel"]
[Black "Arboledas Fernandez, Antonio A"]
[Result "0-1"]
[WhiteElo "1923"]
[BlackElo "2149"]
[PlyCount "133"]
[EventDate "2013.08.29"]

1. Nf3 c5 2. c4 Nc6 3. d4 cxd4 4. Nxd4 g6 5. e4 Bg7 6. Be3 d6 7. Nc3 Nf6 8. f3
O-O 9. Qd2 Re8 10. Be2 Nxd4 11. Bxd4 Be6 12. O-O Qa5 13. Rfd1 a6 14. Nd5 Qxd2
15. Rxd2 Bxd5 16. exd5 Nd7 17. Be3 Rec8 18. Rc1 b5 19. b3 a5 20. Rdc2 b4 21.
Kf1 a4 22. c5 axb3 23. axb3 dxc5 24. Bb5 Rd8 25. Bxd7 Rxd7 26. Rxc5 Bc3 27. Bh6
f6 28. Rd1 Rad8 29. h4 Kf7 30. Bf4 h5 31. Ke2 Ra8 32. Rb1 Ra2+ 33. Kf1 Rc2 34.
Be3 Rd6 35. Bd4 Ra6 36. Rc7 Raa2 37. Bc5 Bd4 38. Rxe7+ Kf8 39. Bxb4 Rf2+ 40.
Ke1 Bc3+ 41. Bxc3 Kxe7 42. Bb4+ Kd7 43. Bc5 Rxg2 44. Kf1 Rgd2 45. d6 Rab2 46.
Re1 Rxb3 47. Re7+ Kd8 48. Re6 Rb1+ 49. Re1 Rxe1+ 50. Kxe1 Rh2 51. Bd4 Kd7 52.
Bxf6 Kxd6 53. Bg5 Kd5 54. Kf1 Kd4 55. Kg1 Rc2 56. Bf4 Kd3 57. Bg5 Ra2 58. Bf4
Ke2 59. Kg2 Ra3 60. Bg5 Rxf3 61. Bd8 Ke3 62. Bc7 Ke4 63. Bd6 Rd3 64. Be7 Kf5
65. Bg5 Kg4 66. Be7 Rh3 67. Bf8 0-1

[Event "78th ch-ESP 2013"]
[Site "Linares ESP"]
[Date "2013.09.01"]
[Round "4.29"]
[White "Vega Gutierrez, Belinda"]
[Black "Alvarez Morales, Miguel"]
[Result "1-0"]
[WhiteElo "2148"]
[BlackElo "1983"]
[PlyCount "62"]
[EventDate "2013.08.29"]

1. e4 e6 2. d4 d5 3. e5 c5 4. Qg4 Nc6 5. Nf3 cxd4 6. Bd3 Nge7 7. O-O Ng6 8. Qg3
Qc7 9. Re1 Bb4 10. c3 dxc3 11. bxc3 Be7 12. h4 Bf8 13. h5 Nge7 14. Ba3 Nf5 15.
Bxf5 exf5 16. Bd6 Qa5 17. Nbd2 Qa4 18. Nd4 Nxd4 19. cxd4 Qxd4 20. Nb3 Qg4 21.
Qd3 Qc4 22. Qd2 Be6 23. Rac1 Qb5 24. Nd4 Qa4 25. Rc7 Bxd6 26. exd6 O-O 27. Nxe6
fxe6 28. Rxe6 Rae8 29. Rxe8 Qxe8 30. Qxd5+ Kh8 31. Qd1 Qd8 1-0

[Event "78th ch-ESP 2013"]
[Site "Linares ESP"]
[Date "2013.09.01"]
[Round "4.30"]
[White "Gonzalez del Campo, Diego"]
[Black "Lopez Mulet, Inigo"]
[Result "0-1"]
[WhiteElo "1913"]
[BlackElo "2120"]
[PlyCount "40"]
[EventDate "2013.08.29"]

1. d4 Nf6 2. c4 c5 3. d5 b5 4. f3 bxc4 5. e4 e6 6. Bxc4 Nxd5 7. Bxd5 exd5 8.
Qxd5 Nc6 9. Ne2 Ba6 10. Nf4 Be7 11. Na3 Nb4 12. Qd1 Bg5 13. Qd6 Be7 14. Qd1 g5
15. Nh3 Nd3+ 16. Kd2 Qa5+ 17. Ke3 c4 18. Qc2 c3 19. f4 g4 20. Kd4 Bc8 0-1

[Event "78th ch-ESP 2013"]
[Site "Linares ESP"]
[Date "2013.09.02"]
[Round "5.1"]
[White "Lopez Martinez, Josep Manuel"]
[Black "Illescas Cordoba, Miguel"]
[Result "1/2-1/2"]
[WhiteElo "2547"]
[BlackElo "2608"]
[PlyCount "84"]
[EventDate "2013.08.29"]

1. e4 e6 2. d4 d5 3. Nc3 dxe4 4. Nxe4 Nd7 5. Nf3 Ngf6 6. Nxf6+ Nxf6 7. Be3 Bd6
8. c3 O-O 9. Bd3 b6 10. Qc2 Bb7 11. O-O-O h6 12. Kb1 Nd5 13. h4 Re8 14. Bh7+
Kf8 15. Bc1 c5 16. dxc5 bxc5 17. c4 Nf6 18. Qb3 Qc7 19. Bc2 Rab8 20. Qc3 Ng4
21. Qd2 Red8 22. Qe2 Bf4 23. Nd2 Nf6 24. f3 a5 25. Nb3 Bxc1 26. Nxc1 Ba6 27.
Rxd8+ Rxd8 28. Rd1 Rxd1 29. Bxd1 Qf4 30. b3 Nd5 31. Qe1 Nb4 32. Bc2 Qd4 33. Qd1
Qxd1 34. Bxd1 Ke7 35. Kb2 Kd6 36. Kc3 e5 37. a3 Nc6 38. Nd3 Nd4 39. b4 axb4+
40. axb4 cxb4+ 41. Kxb4 f6 42. c5+ Kd5 1/2-1/2

[Event "78th ch-ESP 2013"]
[Site "Linares ESP"]
[Date "2013.09.02"]
[Round "5.3"]
[White "Vega Gutierrez, Sabrina"]
[Black "Castellanos Rodriguez, Renier"]
[Result "0-1"]
[WhiteElo "2402"]
[BlackElo "2510"]
[PlyCount "78"]
[EventDate "2013.08.29"]

1. e4 c5 2. Nf3 e6 3. d4 cxd4 4. Nxd4 a6 5. Bd3 Nf6 6. f4 d6 7. Qe2 Nbd7 8. c4
g6 9. Nc3 Bg7 10. O-O O-O 11. Kh1 Qc7 12. Nf3 b6 13. Be3 Bb7 14. Rac1 Rac8 15.
b4 Rfe8 16. h3 Qb8 17. Qf2 b5 18. c5 dxc5 19. e5 Nd5 20. Nxd5 Bxd5 21. bxc5 Qb7
22. Rfd1 Rc7 23. Nd2 a5 24. Nb3 a4 25. Nd4 Nxc5 26. Bxb5 Rec8 27. Bf1 Ne4 28.
Qe1 Rxc1 29. Rxc1 Rxc1 30. Qxc1 Ng3+ 31. Kh2 Nxf1+ 32. Qxf1 Qb2 33. Nb5 Bxa2
34. Bd4 Qd2 35. Bc3 Qc2 36. Bd4 Bf8 37. Nc3 Qd2 38. Qg1 Qxf4+ 39. Kh1 Bb3 0-1

[Event "78th ch-ESP 2013"]
[Site "Linares ESP"]
[Date "2013.09.02"]
[Round "5.4"]
[White "Matnadze, Ana"]
[Black "Korneev, Oleg"]
[Result "0-1"]
[WhiteElo "2390"]
[BlackElo "2625"]
[PlyCount "124"]
[EventDate "2013.08.29"]

1. d4 d5 2. g3 Nf6 3. Bg2 c6 4. Nf3 Bf5 5. O-O e6 6. Nbd2 h6 7. c4 Nbd7 8. Re1
Be7 9. Qb3 Qb6 10. c5 Qc7 11. Qc3 a5 12. a3 a4 13. b4 axb3 14. Nxb3 Ne4 15. Qb2
b6 16. cxb6 Qxb6 17. Nbd2 Qxb2 18. Bxb2 f6 19. Nxe4 Bxe4 20. Rec1 Nb6 21. Nd2
Bxg2 22. Kxg2 Kd7 23. Rc2 Rhb8 24. Bc1 Na4 25. h4 g5 26. h5 Rb5 27. e4 Rab8 28.
exd5 cxd5 29. f4 g4 30. f5 e5 31. Nf1 exd4 32. Bxh6 Nc3 33. Bd2 Ne4 34. h6 Bd6
35. a4 Rb3 36. Rac1 Nxg3 37. Rc6 Nxf1 38. Rxd6+ Kxd6 39. Bf4+ Ke7 40. Rc7+ Kf8
41. h7 Rh3 42. Kxf1 Rb1+ 43. Kg2 Rb2+ 44. Kg1 Rb1+ 45. Kg2 Rb2+ 46. Kg1 d3 47.
Bd6+ Ke8 48. Bf4 Rb1+ 49. Kg2 Rb2+ 50. Kg1 Kd8 51. Rg7 Rb1+ 52. Kg2 Rb2+ 53.
Kg1 d2 54. Bxd2 Rxd2 55. Rg8+ Ke7 56. h8=Q Rxh8 57. Rxh8 Ra2 58. Ra8 d4 59.
Ra7+ Kd6 60. Kf1 d3 61. Ra8 Ke5 62. Ke1 g3 0-1

[Event "78th ch-ESP 2013"]
[Site "Linares ESP"]
[Date "2013.09.02"]
[Round "5.5"]
[White "Salgado Lopez, Ivan"]
[Black "Villasenor Rubio, Emilio Jose"]
[Result "1-0"]
[WhiteElo "2614"]
[BlackElo "2260"]
[PlyCount "28"]
[EventDate "2013.08.29"]

1. e4 c5 2. c3 Nc6 3. d4 cxd4 4. cxd4 d5 5. exd5 Qxd5 6. Nf3 Nf6 7. Nc3 Qd6 8.
Nb5 Qd8 9. d5 Nb8 10. Bf4 Na6 11. Bc4 Qa5+ 12. Bd2 Qd8 13. O-O Nxd5 14. Qa4 Nb8
1-0